| 000 | 01115nam0a22003131 4500 | ||
|---|---|---|---|
| 001 | rc\2161111 | ||
| 005 | 20250623015402.0 | ||
| 035 | _a(NLR Aleph) 006519669 | ||
| 090 |
_a6416534 _c6416534 |
||
| 100 | _a20110826d1979 |||y0rusy50 ca | ||
| 101 | 0 | _arus | |
| 102 | _aRU | ||
| 105 | _ay z |||a| | ||
| 200 | 1 |
_aТатьянин день _eРассказы _fВасилий Шкаев |
|
| 210 |
_aМосква _cПравда _d1979 |
||
| 215 |
_a64 с. _d17 |
||
| 225 | 1 |
_aБиблиотека "Огонек" _v№ 28 |
|
| 327 | 1 | _aСодерж.: Дан приказ...; Ломтик хлеба; Татьянин день; Эстафета | |
| 464 | 0 |
_12001#$aДан приказ...$aЛомтик хлеба$aТатьянин день$aЭстафета _tЭстафета |
|
| 686 |
_aШ5(2-Р)75-644 _2rubbk |
||
| 686 |
_a84Р7 _2rubbk |
||
| 700 | 1 |
_aШкаев _bВ.В. _f1919-1988 _gВасилий Васильевич |
|
| 801 | 0 |
_aRU _bNLR _gpsbo |
|
| 801 | 1 |
_aRU _bELAR _2rusmarc |
|
| 852 |
_aNLR _j79-2/2076 |
||
| 899 |
_aRuMoRGB _jB 79-13/561 |
||
| 899 |
_aRuMoRGB _jB 79-13/562 |
||
| 942 | _cBOOK | ||
| 980 | _aNB | ||